Politicians and ethics / (Record no. 41706)

MARC details
000 -LEADER
fixed length control field 01151pam a2200229 a 4500
001 - CONTROL NUMBER
control field vtls003027610
003 - CONTROL NUMBER IDENTIFIER
control field MY-SjTCS
005 - DATE AND TIME OF LATEST TRANSACTION
control field 20200306163401.0
008 - FIXED-LENGTH DATA ELEMENTS--GENERAL INFORMATION
fixed length control field 110218s1996 cau b 001 0 eng
020 ## - INTERNATIONAL STANDARD BOOK NUMBER
International Standard Book Number 1565104064 (pbk.)
039 #9 - LEVEL OF BIBLIOGRAPHIC CONTROL AND CODING DETAIL [OBSOLETE]
Level of rules in bibliographic description 201102181538
Level of effort used to assign nonsubject heading access points VLOAD
Level of effort used to assign subject headings 200605180919
Level of effort used to assign classification eunice
Level of effort used to assign subject headings 200605111231
Level of effort used to assign classification radtha
Level of effort used to assign subject headings 200605101524
Level of effort used to assign classification radtha
-- 200605081155
-- radtha
082 04 - DEWEY DECIMAL CLASSIFICATION NUMBER
Classification number 172.2
Item number POL
245 00 - TITLE STATEMENT
Title Politicians and ethics /
Statement of responsibility, etc. Charles P. Cozic, book editor.
260 ## - PUBLICATION, DISTRIBUTION, ETC.
Place of publication, distribution, etc. San Diego, CA :
Name of publisher, distributor, etc. Greenhaven Press,
Date of publication, distribution, etc. c1996.
300 ## - PHYSICAL DESCRIPTION
Extent 206 p. ;
Dimensions 24 cm.
440 #0 - SERIES STATEMENT/ADDED ENTRY--TITLE
Title Current controversies
9 (RLIN) 19726
505 0# - FORMATTED CONTENTS NOTE
Formatted contents note Foreword. - Introduction. - Chapter 1: Is Unethical Behavior in Politics a Serious Problem? - Chapter 2: Is the Legislator-Lobbyist Relationship Improper? - Chapter 3: Is Scrutiny of Politicians' Character and Conduct Warranted? - Chapter 4: Should Legal Measures Address Ethics in Politics? - Bibliography. - Organizations to Contact. - Index.
650 #0 - SUBJECT ADDED ENTRY--TOPICAL TERM
Topical term or geographic name entry element Political corruption
Geographic subdivision United States.
9 (RLIN) 232500
650 #0 - SUBJECT ADDED ENTRY--TOPICAL TERM
Topical term or geographic name entry element Political ethics
Geographic subdivision United States.
9 (RLIN) 232501
700 1# - ADDED ENTRY--PERSONAL NAME
Personal name Cozic, Charles P.,
Dates associated with a name 1957-
Relator term (ed.)
9 (RLIN) 80693
920 ## - Programme
Programme GEN : 106189, 106190
Holdings
Withdrawn status Lost status Source of classification or shelving scheme Damaged status Not for loan Collection code Home library Current library Date acquired Total Checkouts Barcode Date last seen Date last checked out Copy number Koha item type Public note
Withdrawn   Dewey Decimal Classification     Please fill up online form at https://taylorslibrary.taylors.edu.my/services/external_storage1 TC External Storage TC External Storage 04/03/2009   5000059730 05/12/2019 04/03/2009 1 Main Collection GENxx,GENxx,02,GR
Withdrawn   Dewey Decimal Classification       Taylor's Library-TC Taylor's Library-TC 04/03/2009 2 5000059733 05/12/2019 30/03/2011 1 Main Collection GENxx,GENxx,02,GR